[Event "BRA-ch U26 (Women)"]
[Site "Brasilia"]
[Date "2019.04.26"]
[Round "6"]
[White "Calheiros, Anne Kelly de Melo"]
[Black "Carvalho, Aristea Ribeiro"]
[Result "1-0"]
[WhiteElo "1816"]
[BlackElo "1800"]
[PlyCount "89"]
[EventDate "2019.04.23"]
[EventType "swiss"]
[EventRounds "7"]
[EventCountry "BRA"]
[SourceTitle "CBM 190 Extra"]
[Source "ChessBase"]
[SourceDate "2019.07.15"]
[SourceVersion "1"]
[SourceVersionDate "2019.07.15"]
[SourceQuality "1"]

1. e4 c5 2. Nc3 d6 3. Bb5+ Bd7 4. Bc4 Nf6 5. h3 g6 6. Nf3 Bg7 7. Ng5 0-0 8. 0-0 a6 9. Re1 b5 10. Be2 b4 11. Nd5 Nxd5 12. exd5 Bf5 13. Bg4 Bxg4 14. Qxg4 Nd7 15. Qe4 Bf6 16. Qh4 h5 17. c3 e6 18. dxe6 Bxg5 19. exf7+ Rxf7 20. Qe4 Qf8 21. Qxg6+ Qg7 22. Qxd6 Bf4 23. Qd5 Raf8 24. Qxh5 Bxd2 25. Re2 Bxc1 26. Rxc1 bxc3 27. Rxc3 Nf6 28. Qxc5 Qg6 29. Rg3 Qxg3 30. fxg3 Rb8 31. b3 Rb5 32. Qc8+ Kg7 33. Qxa6 Rg5 34. g4 Rc5 35. Re1 Rc2 36. b4 Kg6 37. Qd3+ Kg5 38. Qxc2 Kh4 39. Kh2 Nd5 40. g3+ Kg5 41. Re5+ Kf6 42. Qf5+ Kg7 43. Qg5+ Kf8 44. Qd8+ Kg7 45. Qxd5 1-0

[Event "BRA-ch U26 (Women)"]
[Site "Goiania"]
[Date "2017.10.20"]
[Round "3"]
[White "Da Silva, Jessica Maria Padil"]
[Black "Calheiros, Anne Kelly de Melo"]
[Result "1-0"]
[WhiteElo "1526"]
[BlackElo "1800"]
[PlyCount "75"]
[EventDate "2017.10.19"]
[EventType "swiss"]
[EventRounds "7"]
[EventCountry "BRA"]
[SourceTitle "CBM 181 Extra"]
[Source "ChessBase"]
[SourceDate "2017.12.12"]
[SourceVersion "1"]
[SourceVersionDate "2017.12.12"]
[SourceQuality "1"]

1. e4 e5 2. Nf3 Nc6 3. Bc4 h6 4. Nc3 Nf6 5. d3 Bc5 6. a3 Ng4 7. 0-0 Nxf2 8. Rxf2 Bxf2+ 9. Kxf2 0-0 10. b4 d6 11. h3 Qf6 12. Nd5 Qd8 13. Bb2 a6 14. d4 Re8 15. Qd2 b5 16. Ba2 Bb7 17. Rf1 a5 18. Kg1 axb4 19. Nxb4 Nxb4 20. Qxb4 Bxe4 21. Bxf7+ Kxf7 22. Nd2+ Kg8 23. Nxe4 Qd7 24. dxe5 dxe5 25. Nc5 Qc6 26. Qb3+ Kh8 27. Qb4 Re7 28. Re1 Rae8 29. Qc3 e4 30. Rxe4 Qg6 31. Rg4 Qf7 32. Ne6 Rg8 33. Nf4 Kh7 34. Qd3+ g6 35. Nh5 Qf5 36. Nf6+ Kg7 37. Nxg8+ Kxg8 38. Qxf5 1-0